| LEADER | 01190nam a2200205 4500 | ||
|---|---|---|---|
| 082 | |a 895.9221 |b Đ450L | ||
| 100 | |a Đỗ Lai Thúy | ||
| 245 | |a Con mắt thơ |c Đỗ Lai Thúy |b Phê bình phong cách thơ mới | ||
| 260 | |a H. |b Giáo dục |c 1997 | ||
| 300 | |a 359tr. |c 19cm | ||
| 520 | |a vv | ||
| 653 | |a Văn học | ||
| 653 | |a Việt Nam | ||
| 653 | |a Thơ | ||
| 942 | |2 ddc |c STK0 | ||
| 999 | |c 4444 |d 4444 | ||
| 952 | |0 0 |1 0 |2 ddc |4 0 |6 895_922100000000000_Đ450L |7 0 |8 800 |9 43618 |a qbu |b qbu |c D5 |d 2014-12-19 |g 28000 |l 1 |o 895.9221 Đ450L |p 3811.C1 |r 2017-03-06 |s 2017-03-02 |w 2014-12-19 |y STK0 |0 0 |6 895_922100000000000_Đ450L | ||
| 952 | |0 0 |1 0 |2 ddc |4 0 |6 895_922100000000000_Đ450L |7 0 |8 800 |9 43619 |a qbu |b qbu |c D5 |d 2014-12-19 |g 28000 |o 895.9221 Đ450L |p 3811.C2 |r 0000-00-00 |w 2014-12-19 |y STK0 |0 0 |6 895_922100000000000_Đ450L | ||
| 952 | |0 0 |1 0 |2 ddc |4 0 |6 895_922100000000000_Đ450L |7 0 |8 800 |9 43620 |a qbu |b qbu |c D5 |d 2014-12-19 |g 28000 |o 895.9221 Đ450L |p 3811.C3 |r 0000-00-00 |w 2014-12-19 |y STK0 |0 0 |6 895_922100000000000_Đ450L | ||
| 952 | |0 0 |1 0 |2 ddc |4 0 |6 895_922100000000000_Đ450L |7 0 |8 800 |9 100321 |a qbu |b qbu |c D5 |d 2015-12-01 |g 28000 |l 1 |m 1 |o 895.9221 Đ450L |p 3811.c4 |r 2016-12-02 |s 2016-11-15 |w 2015-12-01 |y STK0 |0 0 |6 895_922100000000000_Đ450L | ||